000 00329nam a22001337a 4500
008 180115b xxu||||| |||| 00| 0 eng d
020 _a676251832846
041 _aeng
080 _a7
100 _a42
101 _aART
245 _aAIKIDO AND THE DYNAMIC SPHERE AN ILLUSTRATED INTRODUCTION
_cRATTI/O
942 _2udc
_cBK
999 _c40240
_d40240